00350nam a22001457a 450000500170000000800410001702000210005804100080007908200090008710000320009624500280012826000250015630000080018165000150018920160614170304.0160614b xxu||||| |||| 00| 0 eng d a978-0141-00022-0 aeng b7587 aGhoshal Sumantra and Others aManaging Radical Change bPenguin books c2002 a331 aManagement